Orientalism, terrorism, indigenism : (Record no. 94287)

MARC details
000 -LEADER
fixed length control field 01643nam a22002537a 4500
005 - DATE AND TIME OF LATEST TRANSACTION
control field 20150713105009.0
010 ## - LCCN (DPL NO)
LC control number ENG-113286
020 ## - INTERNATIONAL STANDARD BOOK NUMBER
Terms of availability 795.00
International Standard Book Number 9789351501428
035 ## - SYSTEM CONTROL NUMBER
System control number EN-96818
037 ## - SOURCE OF ACQUISITION
Source of stock number/acquisition DBAD/PUB
082 ## - DEWEY DECIMAL CLASSIFICATION NUMBER
Classification number 809.93358
100 ## - MAIN ENTRY--PERSONAL NAME
Personal name Malreddy, Pavan Kumar
245 ## - TITLE STATEMENT
Title Orientalism, terrorism, indigenism :
Statement of responsibility, etc by Pavan Kumar Malreddy
Remainder of title South Asian reading in postcolonialism /
260 ## - PUBLICATION, DISTRIBUTION, ETC. (IMPRINT)
Place of publication, distribution, etc New Delhi
Name of publisher, distributor, etc SAGE Publications
Date of publication, distribution, etc 2015
270 ## - ADDRESS
Address B-1/1-1, Mohan Cooperative Industrial Area, Mathura Raod,
City New Delhi
Postal code 110044
300 ## - PHYSICAL DESCRIPTION
Extent xxxiv,169p.
Dimensions 22cm(Hb)
500 ## - GENERAL NOTE
General note Includes bibliographical references and index
505 ## - FORMATTED CONTENTS NOTE
Formatted contents note Section I. Discourses: orientalism, terrorism, and popular culture -- Orientalism(s) after 9/11 -- Imagining the terrorist: a post-orientalist inquiry -- "Pulp orientalism": representations of Afghanistan and Pakistan in popular fiction -- Section II. Disjunctures: humanism and interdisciplinarity -- After orientalism: difference and disjuncture in postcolonial theory -- Postcolonialism: interdisciplinary or interdiscursive? -- Section III. Indigenism(s): cosmopolitanism, rights, and cultural politics -- Cosmopolitanism within: the case of R.K. Narayan’s fictional Malgudi -- (An)other way of being human: indigenous alternatives to postcolonial humanism -- Margins of India: Kancha Ilaiah’s "nationalogues".
650 ## - SUBJECT ADDED ENTRY--TOPICAL TERM
Topical term or geographic name as entry element Postcolonialism in literature.
650 ## - SUBJECT ADDED ENTRY--TOPICAL TERM
Topical term or geographic name as entry element Orientalism in literature.
650 ## - SUBJECT ADDED ENTRY--TOPICAL TERM
Topical term or geographic name as entry element Terrorism in literature.
650 ## - SUBJECT ADDED ENTRY--TOPICAL TERM
Topical term or geographic name as entry element South Asian literature
Chronological subdivision 21st century
General subdivision History and criticism.
942 ## - ADDED ENTRY ELEMENTS (KOHA)
Source of classification or shelving scheme Dewey Decimal Classification
Item type English Books
Call number suffix MAL
Classification part 809.93358
Holdings
Withdrawn status Lost status Not for loan Collection code Home library Current library Date acquired Source of acquisition Cost, normal purchase price Full call number Barcode Copy number Cost, replacement price Koha item type
    Not For Loan Non-fiction D.B.Act.Division D.B.Act.Division 16/06/2015 DBAD/PUB 795.00 809.93358 MAL EN-96818 1 795.00 English Books

© Delhi Public Library
Hit Counter
free hit counter